000 00834nam a22002417a 4500
005 20100812162146.0
010 _aENG-100000
020 _a9780415544603
_c795.00
035 _aEN-83532
037 _bDBAD/PUB
082 _a340
245 _aDecolonisation of legal knowledge /
_cedited by Amita Dhanda [and] Archana Parashar
260 _aNew Delhi
_bRoutledge
_c2009
270 _a912-915 Tolstoy House, 15-17 Tolstoy Marg
_bNew Delhi
_e110001
300 _axxxv,293p.
_c22cm (Hb)
500 _aIncludes index
650 _aCritical legal studies
_912047
650 _aDecolonisation
_912048
700 _aDhanda, Amita
_912049
700 _aParashar, Archana
_912050
942 _2ddc
_cEN
_h340
_mDEC
999 _c41460
_d41460